Triveni (Record no. 24654)
[ view plain ]
| 000 -LEADER | |
|---|---|
| fixed length control field | 00598nam a22001697a 4500 |
| 005 - DATE AND TIME OF LATEST TRANSACTION | |
| control field | 20090303094038.0 |
| 008 - FIXED-LENGTH DATA ELEMENTS--GENERAL INFORMATION | |
| fixed length control field | 090303t xxu||||| |||| 00| 0 eng d |
| 037 ## - SOURCE OF ACQUISITION | |
| Source of stock number/acquisition | DPL/PUB |
| 245 ## - TITLE STATEMENT | |
| Title | Triveni |
| Remainder of title | India's literacy and culturla quarterly |
| 260 ## - PUBLICATION, DISTRIBUTION, ETC. (IMPRINT) | |
| Place of publication, distribution, etc | Hyderabad |
| Name of publisher, distributor, etc | Triveni Foundation |
| Date of publication, distribution, etc | 2009- |
| 300 ## - PHYSICAL DESCRIPTION | |
| Extent | v. |
| Dimensions | 24 cm |
| 310 ## - CURRENT PUBLICATION FREQUENCY | |
| Current publication frequency | Quarterly |
| 270 ## - ADDRESS | |
| Address | 12-13-157 Street No. 2, Tarnaka |
| City | Hyderabad |
| Postal code | 500017 |
| Telephone number | 40-27171383 |
| Electronic mail address | trivenijournal@yahoo.com |
| 365 ## - TRADE PRICE | |
| Price amount | Rs. 100.00 per annum |
| 942 ## - ADDED ENTRY ELEMENTS (KOHA) | |
| Source of classification or shelving scheme | Dewey Decimal Classification |
| Item type | Periodicals |
| Serial record | 1 |
| Withdrawn status | Lost status | Source of classification or shelving scheme | Damaged status | Not for loan | Collection code | Home library | Current library | Date acquired | Total Checkouts | Date last seen | Price effective from | Koha item type |
|---|---|---|---|---|---|---|---|---|---|---|---|---|
| Dewey Decimal Classification | Not For Loan | Non-fiction | D.B.Act.Division | D.B.Act.Division | 03/03/2009 | 03/03/2009 | 03/03/2009 | Periodicals |
